000 01302cam a2200349 i 4500
001 9615
003 Mx-PuUPA
005 20220222131638.0
008 140415s1988 sp a gre 001 0 spa d
017 _aM. 14.037-1973
020 _a842395214
_qtomo 14
040 _aMx-PuUPA
_bspa
_cMx-PuUPA
_dMx-PuUPA
_erda
041 0 _aspa
100 1 _912062
_aPijoán, José,
_d1881-1963
_eautor
245 1 0 _aRenacimiento romano y veneciano :
_bsiglo XVI /
_cJosé Pijoán
250 _aSétima edición
264 1 _aMadrid :
_bEspasa-Calpe,
_c1988
_c©1951
300 _ax, 713 páginas, xxv hojas :
_bilustraciones, láminas (algunas a color) ;
_c28 cm
336 _2rdacontent
_atexto
_btxt
336 _2rdacontent
_aimagen fija
_bsti
337 _2rdamedia
_asin medio
_bn
338 _2rdacarrier
_avolumen
_bnc
490 1 _aSumma artis, historia general del arte ;
_v14
650 7 _aArte
_xHistoria
_2armarc
655 7 _2armarc
_aEnciclopedias
785 0 0 _aPijoán, Jose,
_bSéptima edición
_dMadrid : Espasa-Calpe, 1989
_tEl arte del renacimiento en el norte y el centro de Europa
_w(Mx-PuUPA) 9614
_z8423952150
830 0 _912114
_aSumma artis, historia general del arte
_v14
942 _2ddc
_cLI
_h709
_iS955
999 _c9615
_d9615